Poésies de Jules Lemaître. (Record no. 22730)

MARC details
000 -LEADER
fixed length control field 00578cam a22001931 4500
001 - CONTROL NUMBER
control field f 01002144
003 - CONTROL NUMBER IDENTIFIER
control field DLC
005 - DATE AND TIME OF LATEST TRANSACTION
control field 20260227111242.0
008 - FIXED-LENGTH DATA ELEMENTS--GENERAL INFORMATION
fixed length control field 761208s1896 xx 000 0 fre
010 ## - LIBRARY OF CONGRESS CONTROL NUMBER
LC control number f 01002144
035 ## - SYSTEM CONTROL NUMBER
System control number (OCoLC)2607453
040 ## - CATALOGING SOURCE
Original cataloging agency DLC
Transcribing agency NNCU-G
Modifying agency DLC
042 ## - AUTHENTICATION CODE
Authentication code premarc
050 00 - LIBRARY OF CONGRESS CALL NUMBER
Classification number PQ2337.L3
Item number A17
100 1# - MAIN ENTRY--PERSONAL NAME
Personal name Lemaître, Jules,
Dates associated with a name 1853-1914.
245 00 - TITLE STATEMENT
Title Poésies de Jules Lemaître.
Remainder of title Les médaillons.--Petites orientales.--Une méprise.--Au jour le jour.
260 ## - PUBLICATION, DISTRIBUTION, ETC.
Place of publication, distribution, etc. Paris,
Name of publisher, distributor, etc. A. Lemerre,
Date of publication, distribution, etc. 1896.
300 ## - PHYSICAL DESCRIPTION
Extent 279 p.
Other physical details front. (port)
Dimensions 16 cm.

No items available.

Powered by Koha